000 00842nam a22001577a 4500
005 20240726133918.0
008 230620b ||||| |||| 00| 0 eng d
020 _a9780198745259
050 _aKD3930.C62
245 _aConcentrate Q & A: public law /
_cRichard Clements.
260 _aNew York:
_bOxford University Press,
_c2016.
300 _axvi, 240p.:
_c23 cm.
500 _aIncludes index.
505 _aContents: Introduction -- Constitution: the nature and sources of the United Kingdom constitution -- Prime Minister and cabinet -- The royal prerogative -- Parliament -- Parliamentary sovereignty -- The human rights Act 1998 -- Freedom to protest and police powers -- Freedom of expression -- Administrative law: judicial review -- Administrative law: Ombudsmen, tribunals and delegated legislation -- Coursework.
942 _2lcc
_cBK
999 _c9775
_d17275